Top 10 Länder mit der meisten Getreide Produktion - Statistiken

Allgemein
  • Dieses Quiz wurde 60 mal gespielt
  • Das Durchschnittsergebnis liegt bei 8 aus 10
Antwortstatistiken
Tonnen Land % Korrekt
615.518.145 China
96%
64.342.357 Ukraine
94%
434.875.197 USA
94%
130.037.708 Russland
92%
125.568.280 Brasilien
90%
335.035.000 Indien
85%
65.013.700 Kanada
81%
86.573.396 Argentinien
77%
77.149.202 Indonesien
52%
59.960.399 Bangladesch
21%
Keine übereinstimmenden Quizze gefunden
Verteilung der Resultate
Anzahl Personen mit jedem Resultat
Perzentil nach korrekt beantworteten Fragen
Ihre Resultats-Entwicklung
Sie haben dieses Quiz noch nicht gespielt